000 00491nam a2200157 i 4500
001 60188
003 ES-MaACL
005 20230906164155.0
007 t|
008 031103s1970 sp ||||1| spa d
100 1 _aErrandonea, Ignacio.
_947427
245 1 0 _aSófocles y la personalidad de sus coros
_b: estudio de dramática constructiva /
_cIgnacio Errandonea.
260 _aMadrid :
_bMoneda y Crédito,
_c1970.
300 _aXV, 240 p. ;
_c23 cm.
852 _aES-MaACL
_jC-38161
_bR.74959
999 _c60188
_d60188